Włoskie Marki Samochodów - Statystyki

Ogólne statystyki
  • Ten quiz został rozwiązany 81 razy
  • Średni wynik to 6 z 10
Statystyki odpowiedzi
Obrazkowy Odpowiedź % Poprawnych
Ferrari
98%
Fiat
98%
Lamborghini
94%
Alfa Romeo
92%
Maserati
77%
Lancia
67%
Pagani
52%
Abarth
47%
Iveco
6%
Bertone
5%
Nie znaleziono quizów pasujących do podanych kryteriów
Rozkład punktacji
Procent ludzi z każdym wynikiem
Percentyl według liczby udzielonych odpowiedzi
Twoja historia wyników
Nie rozwiązałeś tego quizu